Valid Indonesian provinces - Statistics

General Stats
  • This quiz has been taken 15 times
  • The average score is 10 of 15
Answer Stats
Hint Answer % Correct
with special region Aceh,papua,Jakarta,Yogyakarta,West papua
100%
borders with other countries East nusa tenggara,north Kalimantan,West Kalimantan,papua,East kalimantan
100%
was hit by a large tsunami Aceh,Central sulawesi,West Nusa tenggara
75%
No mcdonalds Aceh,papua,West papua
75%
the majority are Hindu Bali
75%
which is islands Bali,Bangka Belitung islands,West Nusa Tenggara,East nusa Tenggara,Riau islands,Maluku,North maluku
75%
won the putri Indonesia Jakarta,Maluku,West sumatra,Aceh,Bangka Belitung islands,East Java,Central Java,Bali,West java
63%
which has the largest Chinese majority Jakarta,North sumatra,East Java,West Kalimantan,Banten,West java,riau
63%
with Christians above 1 million North sumatra,papua,East nusa Tenggara,North sulawesi
63%
starting with the southeast Southeast sulawesi
63%
with the most murder cases East Java, North Sumatra, West Java, Central Java, South Sumatra, South Sulawesi, Papua, Riau, South Kalimantan, North Sulawesi
50%
who joined Indonesia's next top model Jakarta,bali,north sumatra,West java,south sulawesi,South sumatra,East Java,Yogyakarta,Central java
50%
with the most airports Papua,East nusa Tenggara,West Papua,Maluku,East kalimantan
50%
with the largest petroleum producers Riau,East Kalimantan,Riau islands,East Java,South sumatra,West papua
38%
which has no city West sulawesi
25%
No matching quizzes found
Score Distribution
Percent of People with Each Score
Percentile by Number Answered
Your Score History
You have not taken this quiz